[Event "HUN-chT BAZ megyei CSB 2223"]
[Site "Hungary"]
[Date "2023.03.19"]
[Round "8.9"]
[White "Torok, Balazs"]
[Black "Dula, Istvan"]
[Result "1/2-1/2"]
[WhiteElo "1164"]
[BlackElo "1504"]
[PlyCount "83"]
[EventDate "2022.09.25"]
[EventType "team-tourn"]
[EventRounds "9"]
[EventCountry "HUN"]
[SourceTitle "EXT 2025"]
[Source "ChessBase"]
[SourceDate "2024.10.14"]
[SourceVersion "1"]
[SourceVersionDate "2024.10.14"]
[SourceQuality "1"]
[WhiteTeam "DVTK III"]
[BlackTeam "Hidasnemeti VSC"]
[WhiteTeamCountry "HUN"]
[BlackTeamCountry "HUN"]

1. e4 b6 2. Nf3 Bb7 3. Nc3 g6 4. Bc4 e6 5. 0-0 Bg7 6. d4 Ne7 7. Bf4 d6 8. e5 d5 9. Bb3 0-0 10. Qd2 c6 11. Bh6 Nf5 12. Bxg7 Kxg7 13. Ne2 Ba6 14. Rfe1 Bxe2 15. Rxe2 a5 16. c3 a4 17. Bc2 Qe7 18. Rd1 b5 19. Bxf5 exf5 20. Rde1 Na6 21. Qg5 Qxg5 22. Nxg5 h6 23. Nf3 Nc7 24. Kf1 Ne6 25. Nh4 Rad8 26. Rd2 Rfe8 27. g3 h5 28. f4 Re7 29. Nf3 Red7 30. h4 Re8 31. Ng5 Rde7 32. Rde2 Nxg5 33. fxg5 Re6 34. Kf2 Rc8 35. a3 c5 36. Rd2 c4 37. Rdd1 Ra8 38. Ra1 Ra7 39. Kf3 Kf8 40. Re2 Kg7 41. Kf4 Raa6 42. Kf3 1/2-1/2

[Event "HUN-chT BAZ megyei CSB 2122"]
[Site "Hungary"]
[Date "2022.01.09"]
[Round "4.9"]
[White "Dula, Istvan"]
[Black "Balogh, Imre"]
[Result "0-1"]
[WhiteElo "1523"]
[BlackElo "1796"]
[PlyCount "54"]
[EventDate "2021.10.17"]
[EventType "team-tourn"]
[EventRounds "9"]
[EventCountry "HUN"]
[SourceTitle "EXT 2025"]
[Source "ChessBase"]
[SourceDate "2024.10.14"]
[SourceVersion "1"]
[SourceVersionDate "2024.10.14"]
[SourceQuality "1"]
[WhiteTeam "Hidasnemeti VSC"]
[BlackTeam "Szerencs Varos"]
[WhiteTeamCountry "HUN"]
[BlackTeamCountry "HUN"]

1. e4 e5 2. Bc4 Bc5 3. Nc3 Nf6 4. d3 h6 5. h3 c6 6. a3 d5 7. exd5 cxd5 8. Ba2 0-0 9. Qf3 Be6 10. Bd2 e4 11. dxe4 Nxe4 12. Nxe4 dxe4 13. Qg3 Bd6 14. Qe3 Bxa2 15. Rxa2 Nc6 16. Ne2 Qe7 17. 0-0 Bc5 18. Qg3 Qe6 19. Raa1 Bd6 20. Qe3 f5 21. Nf4 Qe5 22. g3 Qxb2 23. Bc3 Bxf4 24. gxf4 Qxc2 25. Rac1 Qd3 26. Qc5 Qxh3 27. Bd2 Rf6 0-1